000 00602nam a2200181Ia 4500
008 151018s9999 xx 000 0 und d
082 _bRBASDV20007
_a891.463
100 _aरमणलाल शहा
245 _aअसाही एक महात्मा
250 _b1
260 _bसुरस प्रकाशन पंजाब
_c1987
300 _a152
600 _aरमणलाल शहा
630 _aअसाही एक महात्मा
700 _aरमणलाल शहा
730 _aअसाही एक महात्मा
942 _cBOOK
999 _c1020634
_d1020631